| 000 | 01764 a2200241 4500 | ||
|---|---|---|---|
| 001 | 114 | ||
| 005 | 20260407155411.0 | ||
| 008 | 260407a2007 arg spa d | ||
| 003 | AR-UNSa-BCEJYS | ||
| 040 |
_aAR-UNSa-BCEJYS _bspa _cAR-UNSa-BCEJYS |
||
| 080 |
_a336.2 _xIngresos públicos (Derecho tributario) |
||
| 245 | 1 | 0 | _aDerecho tributario |
| 020 | _a987-592-254-9 | ||
| 250 | _a3a. ed | ||
| 264 | 1 |
_aBuenos Aires : _bLexis Nexis _c2007 |
|
| 300 |
_a3 v. _c22 cm |
||
| 505 | _aVol. 1: 1. Nociones preliminares - 2. Impuestos - 3. Tasas y contribuciones especiales - 4. Derecho tributario en general. Derecho tributario internacional y derecho comunitario - 5. Interpretación y aplicación de las normas tributarias - 6. Derecho tributario constitucional - 7. Derecho tributario material o sustantivo Vol. 2: 8. Derecho tributario formal o administrativo - 9. Derecho tributario procesal - 10. Derecho tributario penal Vol. 3: 11. Impuesto a las ganancias. Régimen simplificado para pequeños contribuyentes (monotributo). Derogado impuesto de emergencia sobre altas rentas - 12. Impuestos patrimoniales. Evolución de los impuestos patrimoniales. Efectos económicos - 13. Impuesto a la transferencia de inmuebles de personas físicas y sucesiones indivisas. Impuesto sobre créditos y débitos en cuentas bancarias y otras operatorias - 14. Impuesto al valor agregado - 15. Impuestos internos - 16. Tributos aduaneros y estímulos a la exportación - 17. Impuesto sobre los ingresos brutos - 18. Otros tributos | ||
| 041 | _aspa | ||
| 942 | _cBK | ||
| 590 | _aniveau_biblio:m niveau_hierar:0 | ||
| 100 | 1 | _aGarcía Vizcaíno, Catalina | |
| 856 | 4 | 1 |
_uhttps://biblioeco.unsa.edu.ar/pmb/images/libros/Derecho Tributario 3ed.jpg _yImagen de portada _qimage/jpeg |
| 999 |
_c88 _d88 |
||